| 000 | 00696nam a22002057a 4500 | ||
|---|---|---|---|
| 005 | 20100820142236.0 | ||
| 010 | _aENG-101062 | ||
| 020 |
_a9788189524524 _c25.00 |
||
| 035 | _aEN-84595 | ||
| 037 | _bDBAD/PUB | ||
| 082 | _a921 | ||
| 100 |
_aBellwinkel-Schempp, Maren _916704 |
||
| 245 |
_aIshvardatt medharthi life & message / _cby Maren Bellwinkel-Schempp |
||
| 260 |
_aNew Delhi _bCritical Quest _c2010 |
||
| 270 |
_a420, G-Block, Phase VI, Aya Nagar _bNew Delhi _e110047 |
||
| 300 |
_a32p. _c21cm (pbk) |
||
| 650 |
_aBiography _916705 |
||
| 942 |
_2ddc _cEN _h921 _mBEL |
||
| 999 |
_c42711 _d42711 |
||